1110 1302 1310 1701 1637 1685 1261 1822 1503 1373 1014 1030 1867 1547 1833 1055 1470 1962 1785 1691 1943 1507 1831 1246 1378 1384 1966 1663 1815 1020 1667 1589 1433 1917 1212 1640 1984 1360 1475 1147 1225 1246 1948 1024 1119 1408 1121 1924 1547 1772 1448 1916 1558 1245 1882 1888 1924 1299 1043 1633 1368 1949 1037 1043 1712 1345 1227 1591 1536 1820 1228 1526 1840 1023 1148 1045 1697 1005 1867 1319 1864 1739 1925 1877 1166 1880 1402 1548 1230 1125 1228 1895 1165 1659 1948 1610 1643 1903 1678 BCNSPRNW ULIB Ver.6.0+V

เปลี่ยนเป็นภาษาไทย

Change to English
 แสดงรายละเอียดบรรณานุกรม
  กลับหน้าหลัก

Brief Record : Get Marc (ISO 2709) : E-mail record : QR code < ปิดหน้าต่าง
LEADER : 00000nam 2200000uu 4500
001    13399114268
003     ULIB
008    120315s||||||||th 000 0 tha d
020    ^a9789740326144
060 04 ^aWM171^bส661ร
100 0  ^aสายฝน เอกวรางกูร
245 10 ^aรู้จัก เข้าใจ ดูแล ภาวะซึมเศร้า /^cสายฝน เอกวรางกูร
246 30 ^aภาวะซึมเศร้า
250    ^aพิมพ์ครั้งที่ 2
260    ^aกรุงเทพฯ :^bสำนักพิมพ์แห่งจุฬาลงกรณ์มหาวิทยาลัย,^c2554
300    ^a229 หน้า :^bภาพประกอบ ;^c21 ซม.
650  7 ^aความซึมเศร้า
650  7 ^aความซึมเศร้า^xการรักษา
945    ^p175^l0^i031244
945    ^p175^l0^i031245
995    ^aทศพร
999 ^a ทศพร
รายการนี้ยังไม่มีแท็ก
คุณยังไม่ได้ล็อกอิน คุณสามารถมีกิจกรรมร่วมกับเว็บไซต์ได้ แต่ต้องล็อกอินก่อน ::
  ล็อกอิน

รายการสื่อสารสนเทศ

ลำดับที่ ประเภท เลขเรียก/บาร์โค้ด สถานที่ สถานะ
1. วิทยาศาสตร์การแพทย์ และสุขภาพ
วิทยาศาสตร์การแพทย์ และสุขภาพ
สถานะ=หนังสือเก่า
WM171 ส661ร ฉ.1 
  Barcode: 031244
ห้องสมุดวิทยาเขตสวรรค์ประชารักษ์
►ส่วนจัดเก็บหนังสือเก่า สปร
ถูกยืม กำหนดส่งวันที่ 5 ธันวาคม 2568
  จอง
2. วิทยาศาสตร์การแพทย์ และสุขภาพ
วิทยาศาสตร์การแพทย์ และสุขภาพ
สถานะ=หนังสือเก่า
WM171 ส661ร ฉ.2 
  Barcode: 031245
ห้องสมุดวิทยาเขตนครสวรรค์
►ส่วนจัดเก็บหนังสือเก่า นว.
บนชั้น
  ขอยืม

รายการใกล้เคียง
    ผู้แต่ง [สายฝน เอกวรางกูร]

    หัวเรื่อง [ความซึมเศร้า]

BibComment


ยังไม่เคยถูกคอมเมนท์

คอมเมนท์ทรัพยากรรายการนี้
  คอมเมนท์: รู้จัก เข้าใจ ดู..


 Copyright 2026. Bcnsprnw @Library